Analýza účinkov vetra a modelové skúšky vo veternom tuneli BLWT STU

Saved in:
Bibliographic Details
Main Author: Olekšáková, Ivana (Author)
Other Authors: Hubová, Oľga (Thesis advisor)
Format: Manuscript Book
Language:Slovak
Published: 2016
Subjects:
Online Access:http://is.stuba.sk/zp/portal_zp.pl?podrobnosti=104344
Tags: Add Tag
No Tags, Be the first to tag this record!

MARC

LEADER 00000ntm a22000003a 4500
001 stuzp35958
003 SK-STU
005 20161217210110.4
007 ta
008 150427s2015----xo-----f-mn---000-0-slo-d
040 |a STU  |b slo 
041 0 |a slo 
100 1 |a Olekšáková, Ivana  |u 010250  |4 aut  |U SvF Stavebná fakulta  |T SvF Katedra stavebnej mechaniky  |X 39293  |U V250  |Y 26  |7 A000039293 
242 0 1 |a Analysis of the effects of wind and experiments in the wind tunnel BLWT STU  |y eng 
245 1 0 |a Analýza účinkov vetra a modelové skúšky vo veternom tuneli BLWT STU 
260 |c 2016 
650 4 |a RANS turbulence model  |2 eng 
650 4 |a CFD  |2 eng 
650 4 |a wind tunnel experiments  |2 eng 
650 4 |a OpenFOAM  |2 eng 
650 4 |a External pressure coefficients  |2 eng 
650 4 |a k-ε model  |2 eng 
650 4 |a simulation of wind flow  |2 eng 
650 4 |a RANS turbulentný model  |2 slo 
650 4 |a simulácia prúdenia vetra  |2 slo 
650 4 |a CFD  |2 slo 
650 4 |a experimenty vo veternom tuneli  |2 slo 
650 4 |a OpenFOAM  |2 slo 
650 4 |a k-ε model  |2 slo 
650 4 |a externé tlakové koeficienty  |2 slo 
700 1 |a Hubová, Oľga  |u 010250  |k Z1  |4 ths  |U SvF Stavebná fakulta  |T SvF Katedra stavebnej mechaniky  |X 767  |U V250  |Y 26  |7 A000000767 
856 4 |u http://is.stuba.sk/zp/portal_zp.pl?podrobnosti=104344 
996 |b 284V041391  |c V* 3354/DP-1284  |l VVS  |s P  |a 0  |w stuzp35958_0001